Balkans Quiz - Statistics

General Stats
  • This quiz has been taken 727 times
  • The average score is 13 of 24
Answer Stats
Hint Answer % Correct
Capital of Slovenia. Ljubljana
88%
Capital of Kosovo. Pristina
88%
Country with only 12 miles of coastline. Bosnia and Herzegovina
83%
The only Balkan country starting and ending in the same letter. Albania
80%
Largest country in the Balkans in terms of land mass. Romania
77%
Colour of two-headed eagle on Albania's flag. Black
75%
Josip ____ Tito Broz
69%
Football team from Serbia that wear black and white. Partizan
63%
Th sea that runs adjacent to the coastlines of Slovenia, Croatia, B&H, Montengro, Albania and Greece. Adriatic
57%
Autonomous Province in northern Serbia Vojvodina
57%
4-lettered river that meets the Danube in Belgrade. Sava
56%
Football team crowned Euopean Champions in 1991. Red Star
54%
Capital city formerly known as Titograd. Podgorica
52%
The year Serbia and Montenegro played at the World Cup. 2006
50%
July 1995 genocidal massacre Srebrenica
49%
Former President of Yugoslavia guilty of committing war crimes. Often referred to as the 'Butcher of the Balkans'. Milosevic
41%
City in Albania beginning with the letter D. Durres
40%
Largest Croatian island by population, and second largest by size. Krk
39%
Currency of the FYROM. Denar
36%
Fruity brandy consumed in Former Yugoslav Republics, Bulgaria and Albania. Rakija
30%
City in Serbia beginning with the letter U. Uzice
28%
Third most populous city in Romania Timisoara
19%
The most popular female baby name in Serbia. [2006 census] Milica
16%
Popular resort by the Black Sea in Bulgaria with over 800 hotels. Sunny Beach
12%
No matching quizzes found
Score Distribution
Percent of People with Each Score
Percentile by Number Answered
Your Score History
You have not taken this quiz